[Event "S60139 Server NA Class A Ch"]
[Site "CCLA"]
[Date "2016.05.12"]
[Round "?"]
[White "Shannon, Paul D."]
[Black "Vecchio, Ralph"]
[Result "1-0"]
[WhiteElo "1828"]
[BlackElo "1839"]

1. Nf3 d5 2. c4 e6 3. g3 d4 4. d3 Nc6 5. Bg2 e5 6. O-O Nf6 7. e3 Be7 8. 
exd4 exd4 9. Re1 O-O 10. a3 Re8 11. Bg5 Bg4 12. h3 Bf5 13. Nh4 Qd7 14. 
Nxf5 Qxf5 15. Bf4 b5 16. Bxc6 Rab8 17. Bxe8 Nxe8 18. Rxe7 Nf6 19. Nd2 Qxh3
20. Qf3 1-0

[Event "S60109 Regular Quad"]
[Site "CCLA"]
[Date "2016.03.11"]
[Round "?"]
[White "Strelecky, Rich"]
[Black "Taylor, Bobby C."]
[Result "1/2-1/2"]
[WhiteElo "1652"]
[BlackElo "1614"]

1. e3 g6 2. d4 Bg7 3. Nf3 d5 4. Be2 Nf6 5. O-O O-O 6. Nc3 Nbd7 7. h3 c5 8.
 Ne5 e6 9. Re1 cxd4 10. Nxd7 Bxd7 11. exd4 Ne4 12. Nxe4 dxe4 13. Bc4 Bc6 
14. c3 Bd5 15. Bxd5 exd5 16. Bf4 Re8 17. Re3 Qb6 18. b3 Rac8 19. Rc1 Qe6 
20. Rc2 Qd7 21. Qe2 b5 22. b4 Rc4 23. Kh2 f5 1/2-1/2

[Event "S60269 Regular Quad"]
[Site "CCLA"]
[Date "2016.08.12"]
[Round "?"]
[White "Berger, Byron"]
[Black "Hey, Brian"]
[Result "0-1"]
[WhiteElo "1489"]
[BlackElo "1687"]

1. Nc3 c5 2. Ne4 e5 3. c4 Nc6 4. Nf3 f5 5. Nc3 e4 6. Ng1 Nf6 7. d3 d6 8. 
dxe4 fxe4 9. Bg5 h6 10. Bxf6 Qxf6 11. Rb1 e3 12. f3 Qh4+ 13. g3 Qxc4 14. 
Nd5 Kd8 15. b3 Qd4 16. Qxd4 cxd4 17. Bg2 Be6 18. Nf4 Bf7 19. Bh3 Ke7 20. 
Bf5 Nb4 21. a3 Nd5 22. Nxd5+ Bxd5 23. Be4 Bxe4 24. fxe4 g5 25. Nf3 Bg7 26.
 O-O Rac8 27. Ne1 Rhf8 28. Nd3 Rxf1+ 29. Kxf1 Ke6 30. Ke1 d5 31. exd5+ 
Kxd5 32. Kd1 Bf8 33. b4 Rc3 34. a4 Kc4 35. Ne5+ Kd5 36. Nd3 Bd6 0-1

[Event "S60259 Regular Quad"]
[Site "CCLA"]
[Date "2016.08.07"]
[Round "?"]
[White "Strelecky, Rich"]
[Black "Berger, Byron"]
[Result "1/2-1/2"]
[WhiteElo "1652"]
[BlackElo "1489"]

1. g4 d5 2. Bg2 c6 3. h3 Nd7 4. d4 Nb6 5. Nc3 Bd7 6. Bf4 e6 7. Nf3 Ne7 8. 
Ne5 f6 9. Nd3 Ng6 10. Bg3 Be7 11. Nc5 Bc8 12. Qd3 e5 13. O-O-O e4 14. Qd2 
O-O 15. b3 Bd6 16. Bxd6 Qxd6 17. Kb2 Nf4 18. Rdg1 Nd7 19. Nxd7 Bxd7 20. f3
Nxg2 21. Rxg2 exf3 22. exf3 Rae8 23. g5 fxg5 24. Qxg5 Qg6 25. Qxg6 hxg6 
26. Rxg6 Rxf3 27. Rhg1 Re7 28. R6g3 Rxg3 29. Rxg3 Re6 30. Nd1 Re2 31. Ne3 
Re1 32. Ng4 Re6 33. Ne5 Be8 34. Rg5 Rh6 35. Ng4 Rg6 36. Re5 Kf7 37. Re3 
Re6 38. Ne5+ Kf6 39. Rf3+ Kg5 40. Nf7+ Kh4 41. Rf4+ Kh5 42. Nd8 Re7 43. 
Rf5+ Kh4 44. Re5 Rxe5 45. dxe5 g5 46. e6 Kxh3 47. Nxb7 g4 48. Nc5 g3 49. 
Nd3 g2 50. Nf4+ Kg3 51. Nxg2 Kxg2 52. Kc3 Kf3 53. Kd4 Kf4 54. c3 Kf5 55. 
e7 Ke6 56. c4 dxc4 57. Kxc4 Kxe7 58. Kc5 Kd7 59. b4 Kc7 60. a3 Kb7 61. a4 
a6 62. a5 Kc7 63. Kc4 Kd6 64. Kd4 Bf7 65. Ke4 Be6 66. Kd4 Bf7 67. Ke4 Bb3 
68. Kd4 Ba2 69. Ke4 1/2-1/2

[Event "S60061 Winter Series"]
[Site "CCLA"]
[Date "2016.01.28"]
[Round "?"]
[White "Sanchez, David A."]
[Black "Cangelosi, Dominic"]
[Result "1-0"]
[WhiteElo "1426"]
[BlackElo "1417"]

1. b3 d5 2. Bb2 c5 3. Nf3 Nf6 4. e3 Bg4 5. h3 Bh5 6. g4 Bg6 7. d3 Qa5+ 8. 
Qd2 Qxd2+ 9. Nbxd2 Nc6 10. Rc1 O-O-O 11. a3 h5 12. g5 Nd7 13. c4 f6 14. 
Rg1 Nb6 15. gxf6 exf6 16. Rxg6 dxc4 17. Nxc4 Nxc4 18. Rxc4 Bd6 19. Rxg7 
Be5 20. Nxe5 fxe5 21. Rxc5 Rhe8 22. Rg5 1-0

[Event "S60041 Winter Series"]
[Site "CCLA"]
[Date "2016.01.28"]
[Round "?"]
[White "Shannon, Paul D."]
[Black "Evans, Stanley W."]
[Result "0-1"]
[WhiteElo "1828"]
[BlackElo "1882"]

1. f4 g6 2. Nf3 Bg7 3. e3 d6 4. d4 Nd7 5. Be2 Nh6 6. O-O e5 7. fxe5 dxe5 
8. Nc3 O-O 9. d5 f5 10. e4 Nc5 11. Bg5 Qd6 12. Nd2 Nf7 13. Nc4 Qd7 14. Be3
Nxe4 15. Nxe4 fxe4 16. Qd2 b6 17. Rad1 Ba6 18. Nxe5 Bxe5 19. Bxa6 Qd6 20. 
Bf4 b5 21. Bxe5 Nxe5 22. Bxb5 Ng4 23. g3 Qb6+ 24. Qd4 Qxb5 25. Qxe4 Rxf1+ 
26. Rxf1 Qb6+ 0-1

[Event "S60061 Winter Series"]
[Site "CCLA"]
[Date "2016.01.28"]
[Round "?"]
[White "Perry, William E."]
[Black "Acosta, Errol"]
[Result "0-1"]
[WhiteElo "1493"]
[BlackElo "1490"]

1. f4 Nf6 2. Nf3 d6 3. g3 Nc6 4. Bg2 g6 5. O-O Bg7 6. d3 O-O 7. e4 Bd7 8. 
Nc3 e6 9. a3 a6 10. h3 Qc8 11. e5 Nd5 12. Nxd5 exd5 13. exd6 cxd6 14. c3 
Bxh3 15. d4 Ne7 16. Bd2 Bg4 17. Re1 Nf5 18. Qb3 Nxg3 19. Qxd5 Be6 20. Qxd6
Qc4 21. Kf2 Nf5 22. Ne5 Nxd6 23. Nxc4 Nxc4 24. Bxb7 Rab8 0-1

[Event "S60061 Winter Series"]
[Site "CCLA"]
[Date "2016.01.28"]
[Round "?"]
[White "Perry, William E."]
[Black "Sanchez, David A."]
[Result "1-0"]
[WhiteElo "1493"]
[BlackElo "1426"]

1. f4 e5 2. fxe5 d6 3. exd6 Bxd6 4. Nf3 g5 5. g3 g4 6. Nh4 Ne7 7. d4 Ng6 
8. Nxg6 hxg6 9. Qd3 Qe7 10. Bg2 f5 11. Qe3 Qxe3 12. Bxe3 Rxh2 13. Bf2 
Rxh1+ 14. Bxh1 Na6 15. Nc3 Nb4 16. O-O-O Rb8 17. a3 Nc6 18. d5 Ne5 19. 
Bxa7 Ra8 20. Nb5 1-0

[Event "S60231 Summer Series"]
[Site "CCLA"]
[Date "2016.07.31"]
[Round "?"]
[White "Cangelosi, Dominic"]
[Black "Sanchez, David A."]
[Result "1-0"]
[WhiteElo "1417"]
[BlackElo "1426"]

1. f4 g5 2. fxg5 d5 3. d4 Bf5 4. Bf4 Bg7 5. c4 c6 6. Nf3 Nd7 7. Nc3 h6 8. 
Qb3 Qb6 9. e3 e5 10. dxe5 dxc4 11. Bxc4 Qxb3 12. Bxb3 Nc5 13. O-O hxg5 14.
 Nxg5 Ne6 15. Nxe6 fxe6 16. e4 Bg4 17. h3 Bh5 18. Bxe6 1-0

[Event "S60061 Winter Series"]
[Site "CCLA"]
[Date "2016.01.28"]
[Round "?"]
[White "Perry, William E."]
[Black "Nurmi, Ronald"]
[Result "1/2-1/2"]
[WhiteElo "1493"]
[BlackElo "1477"]

1. f4 d5 2. Nf3 Nf6 3. g3 g6 4. Bg2 Bg7 5. d3 O-O 6. O-O Nc6 7. Qe1 Qd6 8.
 c3 e5 9. fxe5 Nxe5 10. Nxe5 Qxe5 11. Bf4 Qh5 12. Nd2 Re8 13. Nf3 Bh3 14. 
Bxh3 Qxh3 15. Rf2 c6 16. Qf1 Qxf1+ 17. Raxf1 Ng4 18. Rg2 Ne3 19. Bxe3 Rxe3
20. Re1 Rae8 21. Kf1 h6 22. d4 a5 23. Ng1 Bf8 1/2-1/2

[Event "S67029 Gustafson Memorial Open"]
[Site "CCLA"]
[Date "2016.11.20"]
[Round "?"]
[White "O'Keefe, Michael J."]
[Black "Jones, Jan"]
[Result "1/2-1/2"]
[WhiteElo "2074"]
[BlackElo "2204"]

1. Nf3 c5 2. e4 e6 3. d3 Nc6 4. g3 g6 5. Bg2 Bg7 6. O-O Nge7 7. Nbd2 O-O 
8. Re1 d6 9. c3 e5 10. Nf1 h6 11. Ne3 Be6 12. a4 Qd7 13. Nd2 f5 14. Nd5 f4
15. Nc4 g5 16. a5 Rad8 17. Qa4 f3 18. Nxe7+ Nxe7 19. Bf1 Qxa4 20. Rxa4 Nc6
21. Ne3 Kh7 22. g4 Ne7 23. h3 Bd7 24. Ra1 Bc6 25. b3 Bd7 26. Kh2 Be6 27. 
Kg3 Rd7 28. Nf5 Bxb3 29. c4 Rb8 30. Nxe7 Rxe7 31. Bd2 b5 32. axb6 Rxb6 33.
 Ba5 Rb8 34. Kxf3 Reb7 35. Be2 Bc2 36. Ke3 Bb1 37. Bc3 Rb3 38. Rc1 R8b7 
39. Bd1 R3b6 40. Ba5 Ra6 41. Kd2 Rb2+ 42. Kc3 Rb7 43. Ra4 Bf6 44. Kd2 Rb2+
45. Ke3 Rb7 46. Rc3 Kg6 47. Rca3 Kf7 48. Ra1 Ke6 49. f3 h5 50. Kd2 Be7 51.
 Kc3 hxg4 52. hxg4 Kf7 53. Kd2 Ke6 54. Bc3 Rxa4 55. Rxa4 Bd8 56. Ra1 Bf6 
57. Ba5 Rb8 58. Ba4 Ke7 59. Bb5 a6 60. Bxa6 Ke6 61. Bc7 Ra8 62. Kc3 Be7 
63. Bb6 Kf6 64. Ra5 Rh8 65. Ra1 Ra8 66. Ra5 Rh8 67. Bb5 Rh1 68. Ba4 Rc1+ 
69. Kd2 Rf1 70. Rb5 Ke6 71. Ke2 Rh1 72. Kd2 Rf1 73. Ba5 Rf2+ 74. Kc3 Rf1 
75. Rb7 Rc1+ 76. Kd2 Rh1 77. Ke3 Kf6 78. Bc3 Kf7 79. Rb8 Kf6 80. Bb3 
1/2-1/2

[Event "S67069 Gustafson Memorial Open"]
[Site "CCLA"]
[Date "2016.11.20"]
[Round "?"]
[White "Smail, John"]
[Black "Hey, Brian"]
[Result "1/2-1/2"]
[WhiteElo "1720"]
[BlackElo "1668"]

1. Nf3 g5 2. Nxg5 e5 3. d3 h6 4. Nf3 Nc6 5. g3 d5 6. Bg2 Nf6 7. O-O Bc5 8.
 Nc3 d4 9. Ne4 Nxe4 10. dxe4 Be6 11. a3 Qd7 12. b4 Be7 13. b5 Na5 14. Nxe5
Qxb5 15. f4 Nc4 16. a4 Qb6 17. Nd3 O-O-O 18. Bd2 f5 19. a5 Qd6 20. Rb1 
fxe4 21. Bb4 Qd7 22. Ne5 Nxe5 23. fxe5 c5 24. Bd2 Bd5 25. Bf4 e3 26. Qd3 
Bxg2 27. Kxg2 Qd5+ 28. Kg1 Kb8 29. c4 Qc6 30. e6+ Ka8 31. Qg6 Bg5 32. Bxg5
hxg5 33. Rf7 Rhg8 34. Qf5 Rb8 35. Rf1 Rge8 36. e7 a6 37. Qxg5 Qc7 38. Qf4 
Rbc8 39. Qf5 Ka7 40. Ra1 Rb8 41. Qe6 Rbc8 42. g4 Qc6 43. Qf5 Qc7 44. Qf6 
Rh8 45. Qf4 Qd7 46. e8=Q Qxe8 47. Rb1 Rb8 48. Qf3 Qc8 49. Rb6 Rf8 50. Rf5 
Rxf5 51. Qxf5 Qxf5 52. gxf5 Rf8 53. f6 Rg8+ 54. Kf1 Rg5 55. Rd6 Kb8 56. 
Rd5 Rg6 57. Rf5 Rg8 58. f7 Rf8 59. Ke1 b6 60. axb6 a5 61. Kd1 Kb7 62. Rf6 
a4 63. Kc2 a3 64. Kb3 d3 65. exd3 e2 66. Re6 Rxf7 67. Rxe2 Rf3 68. Rd2 
Kxb6 69. Kxa3 Ka5 70. Kb3 Rh3 71. Kc3 Kb6 72. Rf2 Kc6 73. Kd2 Kd6 74. Rf6+
Kc7 75. Ke2 Rxh2+ 76. Ke3 Rh4 77. Rf4 Rh6 78. Ke4 1/2-1/2

[Event "S60021 Winter Series"]
[Site "CCLA"]
[Date "2016.01.28"]
[Round "?"]
[White "Quirk, Michael"]
[Black "Sereni, Vincent T."]
[Result "1-0"]
[WhiteElo "2166"]
[BlackElo "2107"]

1. Nf3 Nf6 2. g3 c5 3. Bg2 Nc6 4. O-O e5 5. d3 d5 6. e4 d4 7. a4 Bd6 8. 
Na3 O-O 9. Nc4 Bc7 10. Bd2 Be6 11. b3 a6 12. a5 Re8 13. Qe1 h6 14. h3 Qc8 
15. Kh2 Qd7 16. Ng1 Rab8 17. f4 exf4 18. gxf4 Qe7 19. e5 Nd7 20. Qg3 f6 
21. Be4 Bxc4 22. bxc4 fxe5 23. f5 Kh8 24. Nf3 Nf6 25. Nh4 Nxe4 26. dxe4 
Qf6 27. Ng6+ Kh7 28. Rfb1 Red8 29. Kh1 Rd7 30. Rb3 Qd6 31. Qf3 Nb4 32. Rb2
d3 33. c3 Nc6 34. Rba2 Rf7 35. Qf2 Rd8 36. Qg3 Rdd7 37. Kh2 Rd8 38. Kh1 
Kg8 39. Qg4 Rdd7 40. Rg1 Kh7 41. Be3 Bxa5 42. Rag2 Qf6 43. Qh5 Qd8 44. Nh4
Qf8 45. Rxg7+ Rxg7 46. Ng6 1-0

[Event "S60199 Premier Quad"]
[Site "CCLA"]
[Date "2016.07.31"]
[Round "?"]
[White "Silverman, Robert"]
[Black "Catania, Duane"]
[Result "1-0"]
[WhiteElo "1897"]
[BlackElo "1779"]

1. Nf3 Nf6 2. g3 g6 3. d3 Bg7 4. Bg2 O-O 5. O-O d6 6. Re1 e5 7. h3 c6 8. 
Nbd2 Nh5 9. e4 Be6 10. b3 Qe8 11. c4 c5 12. Nf1 Nc6 13. Bb2 f5 14. exf5 
gxf5 15. Ng5 Nf6 16. Bxc6 bxc6 17. f4 Nd7 18. Ne3 h6 19. Nxe6 Qxe6 20. Rb1
Qg6 21. Qf3 exf4 22. Bxg7 Kxg7 23. Qxf4 Rae8 24. b4 cxb4 25. Ng2 Rxe1+ 26.
 Rxe1 Qf6 27. Nh4 Ne5 28. Rf1 Kh7 29. Nxf5 Qg6 30. Qe4 a5 31. c5 Nxd3 32. 
Qxd3 dxc5 33. g4 h5 34. Kh1 h4 35. Qe3 Rf7 36. Qxc5 Qe6 37. Kg1 Qxa2 38. 
Qxc6 Qd2 39. Qe4 Qc3 40. Ne7+ 1-0

[Event "S60199 Premier Quad"]
[Site "CCLA"]
[Date "2016.07.31"]
[Round "?"]
[White "Silverman, Robert"]
[Black "Beavan, Robert"]
[Result "0-1"]
[WhiteElo "1897"]
[BlackElo "1970"]

1. Nf3 Nf6 2. g3 g6 3. d3 Bg7 4. e4 O-O 5. Bg2 c5 6. O-O Nc6 7. Re1 d6 8. 
e5 dxe5 9. c3 Bf5 10. Nxe5 Nxe5 11. Rxe5 Nd7 12. Rxf5 gxf5 13. Bxb7 Rb8 
14. Bf3 Ne5 15. Be2 Qd5 16. f4 Ng6 17. b3 Bd4+ 18. cxd4 Qxd4+ 19. Be3 Qxa1
20. Qc2 Rbc8 21. Bc1 Qd4+ 22. Kg2 Rfd8 23. Bb2 Qd5+ 24. Kg1 e5 25. fxe5 
Nxe5 26. Qd2 Nf3+ 27. Bxf3 Qxf3 28. Qg5+ Kf8 29. Qh6+ Ke8 30. Nd2 Qxd3 31.
 Nf1 Qf3 32. Qe3+ Qxe3+ 33. Nxe3 c4 34. bxc4 Rd2 35. Bg7 Rb8 36. Nf1 Rxa2 
37. Bf6 Rb1 38. c5 Rc2 39. Bg5 a5 40. c6 Rxc6 41. Kf2 a4 42. Be3 a3 43. 
Bd4 Rc2+ 44. Ke3 Rb3+ 0-1

[Event "S60139 Server NA Class A Ch"]
[Site "CCLA"]
[Date "2016.05.12"]
[Round "?"]
[White "Shannon, Paul D."]
[Black "Zaas, Joel"]
[Result "0-1"]
[WhiteElo "1828"]
[BlackElo "1924"]

1. Nf3 Nf6 2. g3 d5 3. Bg2 c6 4. O-O Bg4 5. d3 Nbd7 6. Qe1 e5 7. e4 dxe4 
8. dxe4 Bc5 9. Nbd2 Qc7 10. Nc4 Be6 11. Qe2 b5 12. Ncd2 h6 13. Nb3 Bc4 14.
 Qe1 Bb6 15. Be3 O-O 16. Nfd2 Bxf1 17. Nxf1 Ng4 18. Bxb6 axb6 19. h3 Ngf6 
20. Ne3 Rfd8 21. Nf5 Kh7 22. Qe3 Nf8 23. a3 b4 24. a4 Ne6 25. Kh2 c5 26. 
Bf1 c4 27. Nd2 b5 28. b3 cxb3 29. cxb3 Qc2 30. Nf3 bxa4 0-1

[Event "S60109 Regular Quad"]
[Site "CCLA"]
[Date "2016.03.11"]
[Round "?"]
[White "Strelecky, Rich"]
[Black "Evans, Andrew"]
[Result "1-0"]
[WhiteElo "1652"]
[BlackElo "1208"]

1. g3 e5 2. Bg2 d5 3. d3 Nf6 4. Nf3 Nc6 5. O-O Bd6 6. Bg5 h6 7. Bxf6 Qxf6 
8. e4 dxe4 9. dxe4 Nd4 10. Ne1 O-O 11. c3 b6 12. cxd4 exd4 13. e5 Qxe5 14.
 Bxa8 Bf5 15. Bg2 c5 16. Nd3 Bxd3 17. Qxd3 f5 18. Nd2 b5 19. Rfe1 Qf6 20. 
Qxb5 Rb8 21. Re8+ Rxe8 22. Qxe8+ Qf8 23. Qxf8+ 1-0

[Event "S60109 Regular Quad"]
[Site "CCLA"]
[Date "2016.03.11"]
[Round "?"]
[White "Strelecky, Rich"]
[Black "Rasmussen, Bruce A."]
[Result "1-0"]
[WhiteElo "1652"]
[BlackElo "1341"]

1. g3 e6 2. Nf3 d5 3. Bg2 Nf6 4. O-O Bd6 5. d3 O-O 6. Nbd2 e5 7. e4 c6 8. 
c4 Be6 9. Ng5 Bg4 10. Ngf3 Nbd7 11. Re1 Nc5 12. Qc2 Qb6 13. cxd5 cxd5 14. 
exd5 Nxd5 15. Nxe5 Nb4 16. Qc3 Rac8 17. Ndc4 Qb5 18. Nxd6 Qa6 19. Nxc8 
Rxc8 20. Nxg4 Nbxd3 21. Bf1 b5 22. Bxd3 1-0

[Event "S67059 Gustafson Memorial Open"]
[Site "CCLA"]
[Date "2016.11.20"]
[Round "?"]
[White "Petty, Kirk D."]
[Black "Catania, Duane"]
[Result "0-1"]
[WhiteElo "1734"]
[BlackElo "1779"]

1. e4 e6 2. d3 d5 3. Nd2 Bd6 4. Ngf3 c5 5. g3 Nc6 6. Bg2 Nge7 7. O-O f6 8.
 Re1 O-O 9. exd5 exd5 10. Nb3 Bg4 11. h3 Bd7 12. d4 b6 0-1

[Event "S60019 Regular Quad"]
[Site "CCLA"]
[Date "2016.01.27"]
[Round "?"]
[White "Capuzzi, Gabriele"]
[Black "Acosta, Errol"]
[Result "1-0"]
[WhiteElo "1613"]
[BlackElo "1490"]

1. Nf3 e6 2. c4 f5 3. b3 Nf6 4. Bb2 Be7 5. g3 O-O 6. Bg2 a5 7. Nc3 Qe8 8. 
O-O Nc6 9. d4 d6 10. Re1 Qh5 11. Nb5 e5 12. Nxc7 f4 13. d5 Bh3 14. dxc6 e4
15. Nh4 Bxg2 16. Nxg2 fxg3 17. fxg3 Ng4 18. Qd5+ Qxd5 19. cxd5 Rac8 20. 
Ne6 Rf2 21. h3 Rxg2+ 22. Kxg2 Ne3+ 23. Kf2 Nc2 24. cxb7 Rb8 25. Rec1 1-0

[Event "S67069 Gustafson Memorial Open"]
[Site "CCLA"]
[Date "2016.11.20"]
[Round "?"]
[White "Smail, John"]
[Black "Siegfried, Will"]
[Result "1-0"]
[WhiteElo "1720"]
[BlackElo "1728"]

1. Nf3 f5 2. c4 Nf6 3. g3 g6 4. b4 d6 5. Bb2 Nbd7 6. Bg2 Bg7 7. O-O O-O 8.
 d3 e5 9. Nbd2 c6 10. Ng5 Qe8 11. f4 h6 12. Nh3 d5 13. e3 e4 14. Re1 exd3 
15. cxd5 Nxd5 16. Bxg7 Kxg7 17. Qb3 N7f6 18. e4 fxe4 19. Nxe4 Nxe4 20. 
Rxe4 Qf7 21. Re5 Be6 22. Qb2 Nf6 23. Nf2 Kh7 24. Nxd3 Rad8 25. Nc5 Bd5 26.
 f5 g5 27. Ne6 Bxe6 28. fxe6 Qe7 29. Rae1 Rd6 30. h4 Rg8 31. Qc2+ Kh8 32. 
Qf5 Ne8 33. Rf1 Rg7 34. hxg5 hxg5 35. Qf8+ Kh7 36. Be4+ Kh6 37. Qh8+ Rh7 
38. Bxh7 1-0

[Event "S67029 Gustafson Memorial Open"]
[Site "CCLA"]
[Date "2016.11.20"]
[Round "?"]
[White "O'Keefe, Michael J."]
[Black "Quanzaah, Emmanuel"]
[Result "1/2-1/2"]
[WhiteElo "2074"]
[BlackElo "2163"]

1. Nf3 f5 2. c4 Nf6 3. g3 d6 4. Bg2 e5 5. O-O Nc6 6. Nc3 g6 7. d3 Bg7 8. 
Nd5 h6 9. e4 fxe4 10. dxe4 O-O 11. h3 g5 12. h4 g4 13. Nh2 Qd7 14. Be3 Nd4
15. Qd2 c6 16. Nc3 h5 17. Bxd4 exd4 18. Qxd4 Nd5 19. Qd3 Nxc3 20. bxc3 Be5
21. f4 gxf3 22. Nxf3 Bxg3 23. Ng5 Bf4 24. Nh3 Be5 25. Rxf8+ Kxf8 26. Rf1+ 
Kg8 27. Ng5 Qg4 28. Qf3 Qxf3 29. Bxf3 Bg4 30. Bxg4 hxg4 31. Nf7 Bxc3 32. 
Nxd6 Rd8 33. c5 b6 34. Rf4 Bd4+ 35. Kg2 1/2-1/2

[Event "S60089 Premier Quad"]
[Site "CCLA"]
[Date "2016.02.12"]
[Round "?"]
[White "Petty, Kirk D."]
[Black "Shannon, Paul D."]
[Result "0-1"]
[WhiteElo "1734"]
[BlackElo "1828"]

1. c4 f5 2. g3 Nf6 3. Bg2 e6 4. Nf3 Be7 5. O-O O-O 6. Nc3 d5 7. d3 c6 8. 
d4 Ne4 9. Qc2 Nd7 10. cxd5 exd5 11. Bf4 Ndf6 12. Ne5 Nxc3 13. bxc3 Qe8 0-1

[Event "S60199 Premier Quad"]
[Site "CCLA"]
[Date "2016.07.31"]
[Round "?"]
[White "Beavan, Robert"]
[Black "Silverman, Robert"]
[Result "1/2-1/2"]
[WhiteElo "1970"]
[BlackElo "1897"]

1. c4 Nf6 2. g3 c6 3. Bg2 g6 4. Nc3 Bg7 5. d4 e6 6. Nf3 d5 7. O-O h6 8. c5
O-O 9. b4 a6 10. Re1 Nbd7 11. Rb1 b6 12. cxb6 Nxb6 13. Ne5 Bb7 14. Na4 
Nxa4 15. Qxa4 Ne4 16. Bxe4 dxe4 17. Qc2 Qxd4 18. Bb2 Qa7 19. e3 Rad8 20. 
Nxc6 Bxc6 21. Bxg7 Kxg7 22. Qxc6 Rd5 23. Red1 Qa8 24. Qxa8 Rxd1+ 25. Rxd1 
Rxa8 26. a3 f5 27. Kf1 Kf6 28. Rd7 Ke5 29. Ke2 Rc8 30. Kd2 Rb8 31. Ra7 
Rd8+ 32. Kc2 1/2-1/2

[Event "S67029 Gustafson Memorial Open"]
[Site "CCLA"]
[Date "2016.11.20"]
[Round "?"]
[White "Jones, Jan"]
[Black "Quanzaah, Emmanuel"]
[Result "1/2-1/2"]
[WhiteElo "2204"]
[BlackElo "2163"]

1. c4 c6 2. Nf3 d5 3. e3 e6 4. Nc3 Nf6 5. b3 Bd6 6. Bb2 O-O 7. Be2 e5 8. 
cxd5 cxd5 9. Nb5 Nc6 10. Nxd6 Qxd6 11. d4 e4 12. Ne5 Nd7 13. Nxc6 bxc6 14.
 O-O a5 15. a4 Re8 16. Ba3 Qc7 17. Qd2 Re6 18. Rfc1 Rh6 19. g3 Nf6 20. Qc3
Ba6 21. Bd1 Rc8 1/2-1/2

[Event "S60019 Regular Quad"]
[Site "CCLA"]
[Date "2016.01.27"]
[Round "?"]
[White "Capuzzi, Gabriele"]
[Black "Williams, Rufus H."]
[Result "1-0"]
[WhiteElo "1613"]
[BlackElo "1375"]

1. Nf3 e6 2. c4 Nc6 3. b3 d5 4. cxd5 Qxd5 5. Nc3 Qd8 6. Bb2 Nf6 7. g3 Bc5 
8. Bg2 O-O 9. O-O a6 10. e3 b5 11. Rc1 Bb7 12. d3 Rc8 13. Ne5 Nxe5 14. 
Bxb7 Rb8 15. Bg2 b4 16. Ne4 Nxe4 17. Bxe4 Bd6 18. Bxe5 Bxe5 19. d4 Bf6 20.
 Rc4 a5 21. Qh5 g6 22. Qxa5 Rc8 23. Qxb4 Rb8 24. Qc3 Re8 25. Rxc7 Re7 26. 
Rxe7 Bxe7 27. Rc1 Ba3 28. Rc2 Bb4 29. Qd3 Kg7 30. Rc4 Be7 31. Qc3 Bf6 32. 
b4 Be7 33. a3 Bf8 34. a4 Bxb4 35. Rxb4 Rxb4 36. Qxb4 Qc8 37. Qc5 Qa6 38. 
Qb5 Qa7 39. a5 1-0

[Event "S60221 Summer Series"]
[Site "CCLA"]
[Date "2016.07.31"]
[Round "?"]
[White "Zarges, Ron V."]
[Black "Greco, Tom"]
[Result "1-0"]
[WhiteElo "1655"]
[BlackElo "1668"]

1. c4 e6 2. Nf3 c5 3. g3 b6 4. Bg2 Bb7 5. O-O Nc6 6. Nc3 Nf6 7. e4 d6 8. 
d4 cxd4 9. Nxd4 Qd7 10. Nc2 Be7 11. b3 O-O 12. Qe2 Rac8 13. Bb2 Rfd8 14. 
Rad1 Rc7 15. Ne3 a6 16. Na4 b5 17. Nb6 Qe8 18. cxb5 axb5 19. Qxb5 Nb8 20. 
Qxe8+ Nxe8 21. Rc1 Rc6 22. Rxc6 Nxc6 23. Rd1 Nf6 24. Bc3 Na7 25. f3 Nc6 
26. Bxf6 gxf6 27. Kh1 Ba6 28. Bf1 Bxf1 29. Rxf1 Kf8 30. Rd1 Ke8 31. Nbc4 
Kd7 32. a3 Rb8 33. b4 Nxb4 34. axb4 Rxb4 35. Kg2 Bf8 36. Ra1 Kc7 37. Ra7+ 
Rb7 38. Ra5 Rb4 39. Rh5 h6 40. Ra5 Kb7 41. Ra2 Be7 42. Rb2 Rxb2+ 43. Nxb2 
h5 44. Kh3 Kc6 45. Kh4 f5+ 46. Kxh5 fxe4 47. fxe4 Kc5 48. Kg4 Kd4 49. Kf3 
Bg5 50. Nbc4 d5 51. exd5 exd5 52. h4 dxc4 53. Nxc4 Kxc4 54. hxg5 Kd5 55. 
Kf4 Ke6 56. Kg4 Ke7 57. Kh5 Kf8 58. Kh6 Kg8 59. g6 fxg6 60. Kxg6 Kf8 61. 
Kh7 Kf7 62. g4 Kf6 63. Kh6 Kf7 64. g5 1-0

[Event "S60199 Premier Quad"]
[Site "CCLA"]
[Date "2016.07.31"]
[Round "?"]
[White "Beavan, Robert"]
[Black "Catania, Duane"]
[Result "1/2-1/2"]
[WhiteElo "1970"]
[BlackElo "1779"]

1. c4 e6 2. g3 Nf6 3. Bg2 d5 4. Nf3 c6 5. b3 Be7 6. O-O O-O 7. Bb2 Nbd7 8.
 d3 Qc7 9. Nbd2 Bd6 10. cxd5 exd5 11. Re1 Ne5 12. Nxe5 Bxe5 13. d4 Bd6 14.
 e4 Nxe4 15. Nxe4 dxe4 16. Bxe4 f5 17. Bd3 Bd7 18. Rc1 Rae8 19. d5 Rxe1+ 
20. Qxe1 Re8 21. Qd1 Be5 22. Bxe5 Qxe5 23. Bc4 Kh8 24. Qd2 h6 25. f4 Qd6 
26. Rd1 b5 27. dxc6 Qc5+ 28. Qd4 Qxd4+ 29. Rxd4 Bxc6 30. Bd3 Re1+ 31. Kf2 
Rh1 32. Bxf5 g6 33. Bxg6 Rxh2+ 34. Ke3 Rg2 35. Rd8+ 1/2-1/2

[Event "S60319 Regular Quad"]
[Site "CCLA"]
[Date "2017.01.07"]
[Round "?"]
[White "Moujan, Pablo"]
[Black "Acosta, Errol"]
[Result "1-0"]
[WhiteElo "1519"]
[BlackElo "1490"]

1. c4 e6 2. g3 Nf6 3. Bg2 g6 4. Nf3 Bg7 5. O-O O-O 6. Nc3 Nc6 7. d4 a6 8. 
Bg5 h6 9. Bxf6 Qxf6 10. Ne4 Nxd4 11. Nxf6+ Bxf6 12. Nxd4 1-0

[Event "S60279 Premier Quad"]
[Site "CCLA"]
[Date "2017.01.07"]
[Round "?"]
[White "Stevens, Daniel L."]
[Black "Thomas, Gerald K."]
[Result "1-0"]
[WhiteElo "1743"]
[BlackElo "1901"]

1. c4 Nf6 2. Nc3 g6 3. g3 d6 4. Bg2 Bg7 5. Nf3 Nc6 6. O-O Bf5 7. d3 O-O 8.
 e4 Bg4 9. h3 Be6 10. Rb1 Nd7 11. Nd5 Bxd5 12. exd5 Nce5 13. Ne1 Nf6 14. 
b4 Ned7 15. a4 a5 16. b5 b6 17. Nf3 Ne8 18. Bb2 Bxb2 19. Rxb2 f6 20. Nd4 
Nc5 21. Re2 Rf7 22. Nc6 Qd7 23. Rfe1 Kf8 24. d4 Nb7 25. Rxe7 Rxe7 26. Rxe7
Qxe7 27. Nxe7 Kxe7 28. Qe2+ Kf8 29. h4 Ng7 30. Bh3 Re8 31. Qd2 Re7 32. g4 
Nd8 33. c5 dxc5 34. dxc5 Nb7 35. d6 cxd6 36. cxb6 Ne6 37. Qh6+ Kg8 38. Bg2
Nec5 39. Bd5+ Ne6 40. Qd2 Kg7 41. Bxb7 Rxb7 42. Qxd6 1-0

[Event "S60299 Regular Quad"]
[Site "CCLA"]
[Date "2017.01.07"]
[Round "?"]
[White "Walsh, Patrick"]
[Black "Acosta, Errol"]
[Result "0-1"]
[WhiteElo "1647"]
[BlackElo "1490"]

1. g3 g6 2. c4 Bg7 3. Bg2 Nf6 4. Nc3 O-O 5. e4 c6 6. d4 d6 7. Nf3 h6 8. 
O-O Nbd7 9. Be3 e6 10. Qc2 a6 11. Rad1 Kh7 12. e5 Ne8 13. Bf4 d5 14. c5 f5
15. exf6 Nexf6 16. Bd6 Rf7 17. Nh4 Nf8 18. Bxf8 Qxf8 19. Nxg6 Qe8 20. Ne5+
Kg8 21. Nxf7 Qxf7 22. Rfe1 Bd7 23. Na4 Rf8 24. Nb6 Be8 25. f3 Nd7 26. Nc8 
Qf6 27. Qb3 Bg6 28. Qxb7 Rf7 0-1

[Event "S60021 Winter Series"]
[Site "CCLA"]
[Date "2016.01.28"]
[Round "?"]
[White "O'Keefe, Michael J."]
[Black "Jarmuz, Frederick"]
[Result "1/2-1/2"]
[WhiteElo "2074"]
[BlackElo "1965"]

1. Nf3 Nf6 2. c4 g6 3. g3 Bg7 4. Bg2 O-O 5. Nc3 d5 6. cxd5 Nxd5 7. O-O c5 
8. Nxd5 Qxd5 9. d3 Nc6 10. Be3 Bxb2 11. Rb1 Bf6 12. Nd4 Qxa2 13. Nxc6 bxc6
14. Bxc6 Bh3 15. Bxa8 Rxa8 16. Re1 Bc3 17. f3 Bxe1 18. Qxe1 a5 19. Bxc5 a4
20. Kf2 Rc8 21. Bxe7 a3 22. Rc1 Re8 23. Bf6 Qe6 24. Bd4 a2 25. Qd2 h5 26. 
e4 Rd8 27. Qb2 Qd7 28. Bf6 Ra8 29. Ke3 Qd6 30. Be5 Qe7 31. Kd2 Qa7 32. Bd4
Qa5+ 33. Ke2 Qd8 34. Bc3 Be6 35. Bf6 Rb8 36. Qe5 Qe8 37. Qg5 Qf8 38. Bd4 
Kh7 39. Qe5 Rb7 40. Qf6 1/2-1/2

[Event "S67089 Gustafson Memorial Open"]
[Site "CCLA"]
[Date "2016.11.20"]
[Round "?"]
[White "McLaughlin, Ed"]
[Black "Fisher Jr., Arthur"]
[Result "0-1"]
[WhiteElo "1635"]
[BlackElo "1608"]

1. c4 Nf6 2. Nc3 e6 3. g3 Nc6 4. Bg2 d5 5. d3 Be7 6. a3 O-O 7. b4 a6 8. e3
Ne5 9. cxd5 exd5 10. Bb2 Ng6 11. Nf3 c6 12. O-O Bd7 13. Rc1 Qc8 14. Qb3 
Bh3 15. Ne2 Bxg2 16. Kxg2 Qg4 17. Neg1 h6 18. Qc3 Rfe8 19. h3 Qd7 20. Ne2 
Bd6 21. Ned4 Rac8 22. g4 Nxg4 23. hxg4 Qxg4+ 24. Kh1 Qh3+ 25. Kg1 Nh4 26. 
Nxh4 Qh2# 0-1